000 00981nam a2200229Ia 4500
001 19426
003 GE_BSU
008 181216s||||||||xx |||||||||||||| ||und||
040 _cGE_BSU
080 _a81'(063)
245 _aიბერიულ-კავკასიური ენათმეცნიერება XVI = иберийско-кавказкое языкознание=IVERO-CAUCASIA
245 _cსარედ კოლ:პ. გაჩეჩილაძე,შ.გაფრინდაშვილი და სხვ;რედ:ვლ.ფანჩვიძე.
260 _aთბილისი
260 _bმეცნიერება
260 _c1968
300 _a279გვ;24სმ.
541 _h3ლ.72თ.
653 _aენათმეცნიერება
653 _aიბერიულ-კავკასიური ენათმეცნიერება XVI
653 _aქართული ენა
942 _cBK
999 _c52406
_d52406